000 00891cam a22003131 4500
001 727103
003 ARRUPE
005 20140204132058.0
008 890407s1966 nyu b 001 0beng
010 _a 66024336//r84
020 _c$1.25 (pbk.)
035 _a(OCoLC)386661
035 _a(OCoLC)ocm00386661
035 _a(CStRLIN)NYCG89-B26249
035 _a(NNC)727103
040 _dCHA
_chjnyg
050 0 _aBX7260.E3
_bC5
082 _a230.0924
090 _aBX7260.E3
_bC5
100 1 _aCherry, Conrad,
_d1937-
_97799
245 1 4 _aThe theology of Jonathan Edwards :
_ba reappraisal /
_cConrad Cherry.
260 _aGarden City, N.Y. :
_bAnchor Books,
_c1966.
300 _aviii, 270 p. ;
_c18 cm.
500 _aIncludes index.
504 _aBibliography: p. [250]-260.
600 1 0 _aEdwards, Jonathan,
_d1703-1758.
_97800
942 _2lcc
_cMONOGRAPH
999 _c119903
_d119903